000 00750nam a2200229Ia 4500
001 408
003 GE_BSU
008 181216s||||||||xx |||||||||||||| ||und||
020 _a9941027246
040 _cGE_BSU
080 _a321.353:821.512.161-94
100 _aნიკოლეიშვილი, ავთანდილ
245 _aთურქული დღიურები
245 _cრედ.:ამღლობელი ვახტანგ; დვალიშვილი ლუკა
260 _aქუთაისი
260 _bსაგამომც. ცენტრი
260 _c2000
300 _a308 გვ.
541 _h10 ლ.
653 _aთურქული დღიურები
942 _cBK
999 _c34642
_d34642